| 000 | 00741nac a22002051u 4500 | ||
|---|---|---|---|
| 010 | _a 86002874 | ||
| 020 | _a0070169020 : | ||
| 020 | _a0071001859 : | ||
| 082 | 0 | 0 |
_a620.00425 _bD565 |
| 090 |
_c4386 _d4386 |
||
| 100 | _aDieter, George Ellwood | ||
| 245 | 1 | 0 |
_aEngineering design : _ba materials and processing approach / _cGeorge E. Dieter. |
| 250 | _a1st metric ed. | ||
| 260 |
_aNew York : _bMcGraw-Hill, _cc1986. |
||
| 300 |
_aix, 592 p. : _bill. ; _c24 cm. |
||
| 504 | _aIncludes bibliographical references and indexes. | ||
| 650 | 0 | _aEngineering design. | |
| 942 |
_cBB _k620.00425D565 |
||
| 999 |
_c4386 _d4386 |
||